| 000 | 00673nam a2200229Ia 4500 | ||
|---|---|---|---|
| 005 | 20221212134112.0 | ||
| 008 | 131103s9999 xx 000 0 und d | ||
| 020 | _a500130337 | ||
| 040 | _aLoreto College | ||
| 041 | _aEnglish | ||
| 082 |
_a821.91 _bYEA-LIA |
||
| 100 | _aLiammoir, Micheal Mac | ||
| 245 |
_aW. B. Yeats and his world _cMicheal Mac Liammoir |
||
| 260 |
_aLondon _bThames and Hudson _c1971 |
||
| 300 |
_a144 p. _b ill. |
||
| 504 | _aIncludes bibliographical references and index | ||
| 630 | _aYeats, William Butler, 1865-1939 - Biography | ||
| 650 | _aYeats, William Butler, 1865-1939 | ||
| 651 | _aEnglish Poetry | ||
| 850 | _aLCLIB | ||
| 942 | _cBK | ||
| 999 |
_c6588 _d57067 |
||